Liste des Groupes Locaux EEIF - Statistiques

Statistiques générales
  • Ce quiz a été pris 56 fois
  • Le résultat moyen est 29 sur 43
Statistiques - réponses
Réponse % Correct
Buffault
83%
Neuilly Rose
83%
Neuilly Vert
83%
Paris 17
83%
Yona
83%
Lille
78%
Marseille
78%
Nancy
78%
Nice
78%
Noam
78%
Shéma Israel Bleu
78%
Shéma Israel Noir
78%
Shoshana Loup-Gris Ori
78%
Strasbourg
78%
Barcokhba
74%
Boulogne
74%
Israel Ron Arad
74%
La Victoire
74%
Londres
74%
Bordeaux
70%
Cannes
70%
Golda Meir
70%
Grenoble
70%
Lyon
70%
Ségur
70%
Aix en provence
65%
Courbevoie
65%
Dufrenoy
65%
La Roquette (Paris 11)
65%
Saint Brice
65%
Shoshana Loup-Gris Koumi
65%
Toulouse
65%
Antony
61%
Copernic
61%
Issy-les-moulineaux
61%
Luxembourg
57%
Montpellier
57%
Paris 12
57%
Versailles
57%
Pavillon sous bois
52%
Toulon
52%
Colmar/Mulhouse
48%
Edmond Fleg (Paris 5)
26%
Aucun quiz correspondant
Distribution des résultats
% des personnes avec chaque résultat
Percentile par nombre de réponses
Votre historique - résultats
Vous n’avez pas pris ce quiz